Top 15 des pays avec les décès de Covid-19 - 8 novembre - Statistiques

Statistiques générales
  • Ce quiz a été pris 38 fois
  • Le résultat moyen est 12 sur 20
Statistiques - réponses
pays % Correct
France
100%
Etats-Unis
91%
Espagne
89%
Italie
89%
Inde
80%
Royaume-Uni
77%
Brésil
74%
Argentine
71%
Russie
71%
Belgique
57%
Mexique
57%
Colombie
49%
Pérou
46%
Chili
43%
Iran
43%
Équateur
37%
Afrique du Sud
29%
Bolivie
29%
Indonésie
29%
Panama
23%
Aucun quiz correspondant
Distribution des résultats
% des personnes avec chaque résultat
Percentile par nombre de réponses
Votre historique - résultats
Vous n’avez pas pris ce quiz